000 00863nam a22002537a 4500
003 UA-OsUOA
001 71717
007 ta
008 20101129b un ||||| |||| 00| 0 ukr d
100 _aСтишов О. А.
090 _a811.161.2'373"19"
_bС80
942 _cBK
040 _aUA-OsUOA
_bukr
_cUA-OsUOA
_dUA-OsUOA
245 _aУкраїнська лексика кінця ХХ століття (на матеріалі мови засобів масової інформації)
300 _a388 с.
955 _a2
041 _aukr
080 _a811.161.2'373"19"
020 _a966-8359-04-6
260 _aК.
_bПУГАЧ
_c2005
250 _n2-ге вид., перероб.
650 7 _a8 Мовознавство. Художня література. Літературознавство
_2UDC
999 _c358138
_d358138